000 00289nam a2200097Ia 4500
008 160609s9999 xx 000 0 und d
245 _aWeb Design and Mobile Trends for 2013
260 _c2013
650 _xWEB DESIGN
856 _uhttp://www.awwwards.org/books/Web-and-Mobile-TRENDS-2013.pdf
999 _c295810
_d295810